00000000nam##2200000za#4500
0019.576573
003CaOODSP
00520210624185213
007cr |||||||||||
008150406|1984||||xxc|||||o    f|0| 0 eng|d
040 |aCaOODSP|beng
043 |an-cn---
0861 |aFs97-13/490E-PDF
1101 |aCanada. |bDepartment of Fisheries and Oceans.
24510|aInformation collected from beluga whale (Delphinapterus leucas) hunts in Cumberland Sound, Baffin Island, Northwest Territories, 1982-1984 / |h[electronic resource]|cby J.R. Orr and P.R. Richard.
260 |aWinnipeg - Manitoba : |bFisheries and Oceans Canada |c1984.
300 |a38p.|bfigs., references, tables
4901 |aCanadian data report of fisheries and aquatic sciences|vNo. 490
500 |aOn t.p.: Western Region, Winnipeg, Manitoba. Catalogue number of the print edition appears in the PDF version.
546 |a(Résumé en français)
590 |a13-15-Supp|b2013-06-24
7201 |aOrr, J. R.
7201 |aRichard, P. R.
830#0|aCanadian data report of fisheries and aquatic sciences ;|vNo. 490|w(CaOODSP)9.505124
85640|ahttp://publications.gc.ca|qPDF|s628 Ko|uhttps://publications.gc.ca/collections/collection_2013/mpo-dfo/Fs97-13-490-eng.pdf|yNo. 490